Economic Philosophy Of mahatma Gandhi (Record no. 49381)
[ view plain ]
| 000 -LEADER | |
|---|---|
| fixed length control field | 004130000a22001570004500 |
| 001 - CONTROL NUMBER | |
| control field | 000074 |
| 003 - CONTROL NUMBER IDENTIFIER | |
| control field | MACL |
| 040 ## - CATALOGING SOURCE | |
| Original cataloging agency | MACL |
| 090 ## - LOCALLY ASSIGNED LC-TYPE CALL NUMBER (OCLC); LOCAL CALL NUMBER (RLIN) | |
| -- | 74 |
| -- | 74 |
| 100 ## - MAIN ENTRY--PERSONAL NAME | |
| Personal name | Gupta, Shanti swarup |
| 245 ## - TITLE STATEMENT | |
| Title | Economic Philosophy Of mahatma Gandhi |
| Remainder of title | Gandian Studies And Peace Research Series-10 |
| Statement of responsibility, etc. | Shanti swarup Gupta |
| 260 ## - PUBLICATION, DISTRIBUTION, ETC. (IMPRINT) | |
| Place of publication, distribution, etc. | Concept Publishing Company, |
| Date of publication, distribution, etc. | 1994 |
| 350 ## - PRICE (NR) (BK AM CF MU VM SE) [OBSOLETE] | |
| Price | 400 |
| 650 ## - SUBJECT ADDED ENTRY--TOPICAL TERM | |
| Topical term or geographic name as entry element | History |
| 942 ## - ADDED ENTRY ELEMENTS (KOHA) | |
| Call number prefix | 923 |
| Koha item type | Library Membar |
No items available.









